000 00697nam a2200289Ia 4500
005 20260324141720.0
008 008 260324s9999 xx 000 0 eng d
020 _a9781315842691
037 _aEBOOK
040 _aCRL
040 _beng
040 _cCRL
041 _2eng
041 _aeng
084 _qCRL
100 _aDavid J. Lee; Bryan S. Turner
_91209235
245 0 _aConflicts About Class
245 0 _bDebating Inequality in Late Industrialism
260 _bTaylor and Francis
260 _c1996
365 _a
365 _b180
856 _uhttp://www.taylorfrancis.com/books/9781315842691
942 _cEBOOK
999 _c1812619
_d1812619